[Event "GER AM04-A email"]
[Site "GER email"]
[Date "2018.06.19"]
[Round "?"]
[White "Schmelz, Thomas"]
[Black "Zajontz, Rainer"]
[Result "1/2-1/2"]
[WhiteElo "2488"]
[BlackElo "2497"]
[PlyCount "60"]
[EventDate "2018.??.??"]
[EventType "tourn (corr)"]
[EventRounds "14"]
[EventCountry "GER"]
[SourceTitle "Corr 2020"]
[Source "ChessBase"]
[SourceDate "2019.09.30"]
[SourceVersion "1"]
[SourceVersionDate "2019.09.30"]
[SourceQuality "1"]

1. d4 d5 2. c4 e6 3. Nc3 Nf6 4. cxd5 exd5 5. Bg5 c6 6. e3 Be7 7. Bd3 Nbd7 8. Qc2 Nh5 9. Bxe7 Qxe7 10. Nge2 g6 11. Rb1 a5 12. 0-0 0-0 13. a3 Nb6 14. b4 axb4 15. axb4 Ng7 16. b5 c5 17. dxc5 Qxc5 18. Nd4 Bd7 19. Rfc1 Ne6 20. Nxe6 Bxe6 21. Qd1 Rfc8 22. Ne2 Qa3 23. Nf4 Rxc1 24. Rxc1 Qb2 25. h3 Ra2 26. Qc2 Qxc2 27. Bxc2 g5 28. Nxe6 fxe6 29. Bd3 Rd2 30. Bf1 d4 1/2-1/2

[Event "GER AM04-A email"]
[Site "GER email"]
[Date "2018.06.19"]
[Round "?"]
[White "Vasilev, Vasil"]
[Black "Zajontz, Rainer"]
[Result "1/2-1/2"]
[WhiteElo "2495"]
[BlackElo "2497"]
[PlyCount "60"]
[EventDate "2018.??.??"]
[EventType "tourn (corr)"]
[EventRounds "14"]
[EventCountry "GER"]
[SourceTitle "Corr 2020"]
[Source "ChessBase"]
[SourceDate "2019.09.30"]
[SourceVersion "1"]
[SourceVersionDate "2019.09.30"]
[SourceQuality "1"]

1. d4 d5 2. Bf4 Nf6 3. e3 c5 4. Nd2 Nc6 5. c3 Bf5 6. Qb3 Qc8 7. c4 e6 8. Ngf3 cxd4 9. Nxd4 dxc4 10. Qxc4 Nxd4 11. Qxd4 Qc6 12. Qc4 Qxc4 13. Bxc4 Rc8 14. Ke2 Bb4 15. Rhc1 Ke7 16. f3 g5 17. Bxg5 Rhg8 18. Bxf6+ Kxf6 19. g4 h5 20. h3 Rgd8 21. Nf1 hxg4 22. hxg4 Bg6 23. b3 a6 24. a3 Ba5 25. a4 Bb4 26. Kf2 Ke7 27. Be2 Bc2 28. Bc4 Bg6 29. Be2 Bc2 30. Bc4 Bg6 1/2-1/2

[Event "GER AM04-A email"]
[Site "GER email"]
[Date "2018.06.19"]
[Round "?"]
[White "Zajontz, Rainer"]
[Black "Johnson, Bobby"]
[Result "1/2-1/2"]
[WhiteElo "2497"]
[BlackElo "2525"]
[PlyCount "70"]
[EventDate "2018.??.??"]
[EventType "tourn (corr)"]
[EventRounds "14"]
[EventCountry "GER"]
[SourceTitle "Corr 2020"]
[Source "ChessBase"]
[SourceDate "2019.09.30"]
[SourceVersion "1"]
[SourceVersionDate "2019.09.30"]
[SourceQuality "1"]

1. e4 e5 2. Nf3 Nc6 3. Bb5 a6 4. Ba4 Nf6 5. 0-0 b5 6. Bb3 Bb7 7. Re1 Bc5 8. c3 d6 9. d4 Bb6 10. Be3 0-0 11. d5 Ne7 12. Bxb6 cxb6 13. Nbd2 h6 14. Nh4 Bc8 15. g3 Bh3 16. Bc2 Qd7 17. Nf1 Qc8 18. a3 Ng4 19. Qe2 Ra7 20. Ne3 Nxe3 21. Qxe3 Rb7 22. f4 exf4 23. gxf4 Qg4+ 24. Qg3 g5 25. Ng2 Ng6 26. Ne3 Qh4 27. Nf5 Bxf5 28. exf5 Nxf4 29. Qxh4 gxh4 30. Re4 Nxd5 31. Rg4+ Kh8 32. Rxh4 Rg8+ 33. Kf2 Nf6 34. Rxh6+ Kg7 35. Rh3 Ng4+ 1/2-1/2